Govt. of
Madhya Pradesh

21 प्रतिनिधि कहानियॉ (Record no. 54592)

MARC details
000 -LEADER
fixed length control field 00603nam a22001697a 4500
003 - CONTROL NUMBER IDENTIFIER
control field MACL
005 - DATE AND TIME OF LATEST TRANSACTION
control field 20160721151228.0
008 - FIXED-LENGTH DATA ELEMENTS--GENERAL INFORMATION
fixed length control field 160721b xxu||||| |||| 00| 0 eng d
040 ## - CATALOGING SOURCE
Transcribing agency MACL
041 ## - LANGUAGE CODE
Language code of text/sound track or separate title Hindi
082 ## - DEWEY DECIMAL CLASSIFICATION NUMBER
Classification number 891.433 CHU
100 ## - MAIN ENTRY--PERSONAL NAME
Personal name चौहान, सुभद्रा कुमारी
9 (RLIN) 164
245 ## - TITLE STATEMENT
Title 21 प्रतिनिधि कहानियॉ
Statement of responsibility, etc. सुभद्रा कुमारी चौहान
260 ## - PUBLICATION, DISTRIBUTION, ETC. (IMPRINT)
Place of publication, distribution, etc. नई दिल्‍ली
Name of publisher, distributor, etc. सुरूचि साहित्‍य
Date of publication, distribution, etc. 2015
650 ## - SUBJECT ADDED ENTRY--TOPICAL TERM
Topical term or geographic name as entry element कहानियॉ
9 (RLIN) 64878
942 ## - ADDED ENTRY ELEMENTS (KOHA)
Source of classification or shelving scheme
Koha item type Hindi Books
Holdings
Withdrawn status Lost status Source of classification or shelving scheme Damaged status Not for loan Home library Current library Date acquired Cost, normal purchase price Total Checkouts Total Renewals Full call number Barcode Date last seen Date last checked out Price effective from Koha item type
          MACL MACL 21/07/2016 400.00 5 1 891.433 CHU CRH032167 18/11/2025 29/10/2025 21/07/2016 Hindi Books